000 00620cam a22001577a 4500
008 180718b1932 xxu||||| |||| 00| 0 eng d
082 _aB19x42 T482
100 _aTimes, The
245 _aFifty years, memories and contrasts: a composite picture of the period 1882-1932
_cby The Times
260 _aLondon
_bThornton Butterworth
_c1932
300 _a223p
650 _aGreat Britain --Intellectual life --19th century.
650 _aGreat Britain --Intellectual life --20th century
650 _aGreat Britain --Social life and customs --19th century
650 _aGreat Britain --Social life and customs --20th century
999 _c419180
_d419180